Größte schweizer Bahnhöfe nach Passagieraufkommen - Statistics

General Stats
  • This quiz has been taken 124 times
  • The average score is 32 of 58
Answer Stats
Passagierzahl Kanton Antwort % Correct
193'100 BE Bern
98%
103'500 LU Luzern
97%
410'700 ZH Zürich HB
93%
102'800 VD Lausanne
92%
101'800 ZH Winterthur
88%
44'500 SG St. Gallen
87%
78'900 SO Olten
84%
28'500 GR Chur
81%
80'600 GE Genève
81%
30'600 TI Lugano
81%
41'600 ZG Zug
81%
39'000 AG Aarau
80%
100'500 BS Basel SBB
80%
18'600 TI Bellinzona
74%
32'400 BE Thun
74%
30'400 FR Fribourg
73%
15'800 SO Solothurn
71%
47'300 BE Biel/Bienne
70%
51'100 ZH Zürich Flughafen
70%
24'400 SH Schaffhausen
68%
33'000 AG Baden
66%
29'400 NE Neuchâtel
63%
84'600 ZH Zürich Oerlikon
61%
21'300 ZH Dietikon
58%
16'000 BL Liestal
57%
18'600 GR Landquart
56%
20'900 VS Brig
55%
25'000 ZH Uster
55%
24'600 SG Rapperswil
53%
18'800 SZ Arth-Goldau
50%
22'400 AG Brugg
50%
73'000 ZH Zürich Stadelhofen
50%
18'100 SG Wil
49%
39'700 ZH Zürich Altstetten
49%
52'400 ZH Zürich Hardbrücke
49%
18'000 VD Montreux
47%
25'300 VS Visp
47%
27'400 AG Lenzburg
45%
17'700 BE Spiez
45%
16'300 SZ Pfäffikon
43%
25'200 ZH Wetzikon
42%
18'200 ZH Thalwil
40%
15'800 BE Burgdorf
38%
18'800 VD Nyon
38%
16'100 TG Weinfelden
38%
16'300 GE Genève Aéroport
35%
25'900 VD Vevey
34%
15'100 ZH Bülach
32%
25'100 VD Renens
32%
16'000 BE Interlaken Ost
30%
22'100 VD Morges
29%
18'300 ZH Wädenswil
29%
19'300 VD Yverdon-les-Bains
29%
17'300 ZH Effretikon
28%
27'600 ZH Stettbach
28%
15'200 ZH Zürich Enge
28%
15'600 ZG Rotkreuz
24%
16'500 BE Bern Wankdorf
19%
No matching quizzes found
Score Distribution
Percent of People with Each Score
Percentile by Number Answered
Your Score History
You have not taken this quiz